000 00277nam a2200133Ia 4500
008 220613s9999||||xx |||||||||||||| ||und||
100 _aAnthony Kerrigan
245 0 _aOur Lord Don Quixote
250 _a1967
260 _bXX
300 _a553
650 _aOther
942 _cGB
999 _c3259
_d3259